000 00694nam a2200205Ii 4500
003 JO-AjNU
008 230605s9999||||xx |||||||||||||| ||und||
017 _a1993/11/1209
040 _aJO-AjNU
_bara
_erda
_cJO-AjNU
041 _aara
050 1 4 _aPJ7828.L393 L399 1993
100 3 _aحلاوة، باسمة,
_eauthor
_946328
245 0 0 _aلوز أخضر وقصص أخرى
264 3 1 _aعمان: اللجنة الشعبية الأردنية لدعم الأنتفاضة، 1993
300 _a130ص
336 _atext
_btxt
_2rdacontent
337 _aunmediated
_bn
_2rdamedia
338 _avolume
_bnc
_2rdacarrier
650 4 _aقصص قصيرة - ادب عربي - عصر حديث
_946329
999 _aA20145
_c23713
_d23713